| 000 | 00555nam a22001697a 4500 | ||
|---|---|---|---|
| 003 | 0 | ||
| 005 | 20230214082524.0 | ||
| 008 | 220808b xxu||||| |||| 00| 0 eng d | ||
| 020 | _a978-621-04-0379-4 | ||
| 050 |
_aFIL TX911.3 _b.C67 2020 |
||
| 245 |
_aQuality service management in tourism and hospitality _cDaryl Ace V. Cornell; Ronald G. Manzano |
||
| 260 |
_aManila _bRex book store Inc. _cC2020 |
||
| 300 |
_avi,165pp. _c25cm. _eIncludes index. _fBook |
||
| 500 | _aTourism--management. | ||
| 500 | _aHospitality industry--management. | ||
| 942 |
_2lcc _cBK |
||
| 999 |
_c364773 _d364773 |
||